| 000 | 00461nam a2200181 a 4500 | ||
|---|---|---|---|
| 005 | 20140310183507.0 | ||
| 008 | 100920s19uu xx 00 eng d | ||
| 020 | _a1551662914 | ||
| 050 |
_aPZ 7 _b.B877 1986 |
||
| 100 | _aBrown, Sandra | ||
| 245 |
_aAbove and Beyond. _cSandra Brown |
||
| 260 |
_aCanada : _bMira Books, _c1986. |
||
| 300 |
_a297 p. : _c17 cm. |
||
| 650 | _aFiction | ||
| 700 | _aaka Erin St. Claire | ||
| 942 |
_cBK _2lcc |
||
| 999 |
_c24076 _d24076 |
||